000 00406nam a2200145Ia 4500
008 220805s9999 xx 000 0 und d
041 _amar
082 _a371.8
100 _aKasande, Pallavi
_988794
260 _aMumbai
_bMadhura
_c2006
245 _aस्व अभ्यास तंत्र मंत्र (Swa Abhas Tantra Mantra)
250 _a1
300 _a95
650 _aSelf Education
_988795
999 _c48854
_d48854